<?xml version="1.0" encoding="UTF-8"?>
<collection xmlns="http://www.loc.gov/MARC21/slim">
 <record>
  <leader>00727nam a2200193  r4500</leader>
  <controlfield tag="001">1/50586</controlfield>
  <controlfield tag="008">051116s2001    be  u pdd     0   a0gre d</controlfield>
  <datafield tag="024" ind1="0" ind2=" ">
   <subfield code="a">ECFIN C3/469/01-EN</subfield>
  </datafield>
  <datafield tag="035" ind1=" " ind2=" ">
   <subfield code="l">30821</subfield>
  </datafield>
  <datafield tag="040" ind1=" " ind2=" ">
   <subfield code="a">GR-PeUP</subfield>
  </datafield>
  <datafield tag="041" ind1="0" ind2=" ">
   <subfield code="a">eng</subfield>
  </datafield>
  <datafield tag="099" ind1=" " ind2=" ">
   <subfield code="a">ΚΕΤ Αλφαβητική σειρά</subfield>
  </datafield>
  <datafield tag="100" ind1="1" ind2=" ">
   <subfield code="a">Thiel, Michael.</subfield>
  </datafield>
  <datafield tag="245" ind1="1" ind2="0">
   <subfield code="a">Finance and economic growth:</subfield>
   <subfield code="b">a review of theory and the available evidence/</subfield>
   <subfield code="c">Michael Thiel</subfield>
  </datafield>
  <datafield tag="260" ind1="0" ind2=" ">
   <subfield code="a">Brussels- Belgium:</subfield>
   <subfield code="b">European Comission: Directorate-General for Economic and Financial Affairs,</subfield>
   <subfield code="c">2001</subfield>
  </datafield>
  <datafield tag="300" ind1=" " ind2=" ">
   <subfield code="a">61 σ.:</subfield>
   <subfield code="b">πιν.</subfield>
  </datafield>
  <datafield tag="580" ind1=" " ind2=" ">
   <subfield code="a">Economic Papers</subfield>
  </datafield>
  <datafield tag="710" ind1="2" ind2=" ">
   <subfield code="a">European Commission : Directorate-General for Economic and Financial Affairs.</subfield>
  </datafield>
  <datafield tag="773" ind1="0" ind2="8">
   <subfield code="a">Economic Papers</subfield>
   <subfield code="g">July 2001, No 158</subfield>
  </datafield>
 </record>
</collection>
